Nationalsozialistische Propaganda
Elmentve itt :
| Szerző: | |
|---|---|
| További közreműködők: | |
| Dokumentumtípus: | Szakdolgozat |
| Megjelent: |
2002
|
| Tárgyszavak: | |
| Online Access: | http://diploma.bibl.u-szeged.hu/76407 |
| LEADER | 00530nta a2200157 i 4500 | ||
|---|---|---|---|
| 001 | dipl76407 | ||
| 005 | 20190524084641.0 | ||
| 008 | 190524s2002 hu om 0|| ger d | ||
| 040 | |a SZTE Diploma Repozitórium |b hun | ||
| 041 | |a ger | ||
| 100 | 1 | |a Pohl Bernadett | |
| 245 | 1 | 0 | |a Nationalsozialistische Propaganda |h [elektronikus dokumentum] / |c Bernadett Pohl |
| 260 | |c 2002 | ||
| 650 | 4 | |a Pedagógusképzés | |
| 700 | 1 | |a Kopasz Filoméla |e ths | |
| 856 | 4 | 0 | |u http://diploma.bibl.u-szeged.hu/id/eprint/76407/1/2002_pohl_bernadett.pdf |z Dokumentum-elérés |